Click, clack, moo : cows that type / (Record no. 33445)
| 000 -LEADER | |
|---|---|
| fixed length control field | 01248cam a2200337 a 4500 |
| 001 - CONTROL NUMBER | |
| control field | 2006006014 |
| 003 - CONTROL NUMBER IDENTIFIER | |
| control field | DLC |
| 005 - DATE AND TIME OF LATEST TRANSACTION | |
| control field | 20181022094547.0 |
| 008 - FIXED-LENGTH DATA ELEMENTS--GENERAL INFORMATION | |
| fixed length control field | 060314r20062000mnua 000 1 eng |
| 010 ## - LIBRARY OF CONGRESS CONTROL NUMBER | |
| LC control number | 2006006014 |
| 020 ## - INTERNATIONAL STANDARD BOOK NUMBER | |
| International Standard Book Number | 978-0-689-83213-0 |
| 040 ## - CATALOGING SOURCE | |
| Original cataloging agency | DLC |
| Language of cataloging | eng |
| Transcribing agency | DLC |
| Modifying agency | DLC |
| 042 ## - AUTHENTICATION CODE | |
| Authentication code | lcac |
| -- | lcac |
| 050 00 - LIBRARY OF CONGRESS CALL NUMBER | |
| Classification number | PZ7.C88135 |
| Item number | Cl 2006 |
| 082 00 - DEWEY DECIMAL CLASSIFICATION NUMBER | |
| Classification number | [E] |
| Edition number | 22 |
| 100 1# - MAIN ENTRY--PERSONAL NAME | |
| Personal name | Cronin, Doreen. |
| 9 (RLIN) | 61386 |
| 245 10 - TITLE STATEMENT | |
| Title | Click, clack, moo : cows that type / |
| Statement of responsibility, etc | by Doreen Cronin ; pictures by Betsy Lewin. |
| 250 ## - EDITION STATEMENT | |
| Edition statement | Library bound ed. |
| 260 ## - PUBLICATION, DISTRIBUTION, ETC. (IMPRINT) | |
| Place of publication, distribution, etc | [Edina, Minn.] : |
| Name of publisher, distributor, etc | Abdo Pub., |
| Date of publication, distribution, etc | c2006. |
| 300 ## - PHYSICAL DESCRIPTION | |
| Extent | 1 v. (unpaged) : |
| Other physical details | col. ill. ; |
| Dimensions | 27 cm. |
| 500 ## - GENERAL NOTE | |
| General note | Originally published in 2000 by Simon & Schuster Books for Young Readers. |
| 520 ## - SUMMARY, ETC. | |
| Summary, etc | When Farmer Brown's cows find a typewriter in the barn they start making demands, and go on strike when the farmer refuses to give them what they want. |
| 586 ## - AWARDS NOTE | |
| Awards note | Caldecott Honor, 2001. |
| 650 #1 - SUBJECT ADDED ENTRY--TOPICAL TERM | |
| Topical term or geographic name as entry element | Cows |
| Form subdivision | Fiction. |
| 9 (RLIN) | 61387 |
| 650 #1 - SUBJECT ADDED ENTRY--TOPICAL TERM | |
| Topical term or geographic name as entry element | Domestic animals |
| Form subdivision | Fiction. |
| 9 (RLIN) | 61388 |
| 650 #1 - SUBJECT ADDED ENTRY--TOPICAL TERM | |
| Topical term or geographic name as entry element | Typewriters |
| Form subdivision | Fiction. |
| 9 (RLIN) | 61389 |
| 700 1# - ADDED ENTRY--PERSONAL NAME | |
| Personal name | Lewin, Betsy, |
| Relator term | ill. |
| 9 (RLIN) | 18113 |
| 942 ## - ADDED ENTRY ELEMENTS (KOHA) | |
| Source of classification or shelving scheme | |
| Item type | Book |
| Withdrawn status | Lost status | Source of classification or shelving scheme | Damaged status | Not for loan | Home library | Current library | Date acquired | Total Checkouts | Full call number | Barcode | Date last seen | Date last borrowed | Price effective from | Koha item type | Public note |
|---|---|---|---|---|---|---|---|---|---|---|---|---|---|---|---|
| Logos International School | Logos International School | 01/13/2026 | 3 | X CRO | 100139 | 03/18/2026 | 03/16/2026 | 01/13/2026 | Book | Basket 10 |